000 00338 a2200157 4500
001 155489
040 _cEscola São Tomás de Aquino
100 _aTERRA, Ernani
240 1 0 _aMinigramática
_lpor
245 1 0 _aMinigramática
300 _a496
362 0 _a2002
440 1 _aScipione
697 _aLíngua portuguesa
942 _cBK
999 _c155489
_d155489